| 000 | 00425nam a2200181Ia 4500 | ||
|---|---|---|---|
| 001 | 3728 | ||
| 005 | 20260306145705.0 | ||
| 008 | 260306t2010||||xx |||||||||||||| ||spa|| | ||
| 041 | _aESP | ||
| 082 |
_a302.2 _bH411 |
||
| 100 |
_aHabermas, Jurgen _eAUT |
||
| 245 | 0 | _aTeoria de la acción comunicativa | |
| 260 | _c2010 | ||
| 300 |
_a990 páginas : _c24 cm. |
||
| 650 | _aGEN | ||
| 654 | _aCED | ||
| 942 |
_cLIB _dJUS _fJUS _2ddc _n |
||
| 999 |
_c3728 _d3728 |
||